| 000 | 00979nam a2200241 i 4500 | ||
|---|---|---|---|
| 001 | 170454 | ||
| 003 | ES-MaACL | ||
| 005 | 20250717013111.0 | ||
| 007 | t| | ||
| 008 | 090305s1927 fr ||||1| fre d | ||
| 080 | _a821.133.1-2"18" | ||
| 100 | 1 |
_aZola, Émile, _d1840-1902 _9118331 |
|
| 245 | 1 | 4 |
_aThéâtre. _nII / _cEmile Zola ; notes et commentaries de Maurice Le Blond ; texte de l'edition Eugène Fasquelle. |
| 260 |
_aParis : _bFrançois Bernouard, _c1927. |
||
| 300 |
_a1 v. (XVI p. ; p.326-712) ; _c22 cm. |
||
| 490 | 1 | _aLes oeuvres complètes. Théâtre. 2 | |
| 505 | 8 | _aContiene: Renée ; Messidor ; L'Ouragan ; L'Enfant-Roi ; Violaine la Chevelue ; Sylvanire ou Paris en amour ; Lazare. | |
| 700 | 1 |
_aLe Blond, Maurice. _970833 |
|
| 700 | 1 |
_aFasquelle, Eugène. _948917 |
|
| 830 | 0 |
_aLes oeuvres complètes. Théâtre. 2 _9223022 |
|
| 852 | 4 |
_aES-MaACL _jE-12479 _9R.140094 _z. - Biblioteca Jacinto Martínez Lacalle |
|
| 999 |
_c170454 _d170454 |
||